MyGZULibrary

Child care & development / (Record no. 5162)

MARC details
000 -LEADER
fixed length control field 00834cam a2200289 a 4500
001 - CONTROL NUMBER
control field 16624813
003 - CONTROL NUMBER IDENTIFIER
control field GZU
005 - DATE AND TIME OF LATEST TRANSACTION
control field 20210330083921.0
008 - FIXED-LENGTH DATA ELEMENTS--GENERAL INFORMATION
fixed length control field 110125s2010 enka b 001 0 eng
010 ## - LIBRARY OF CONGRESS CONTROL NUMBER
LC control number 2011289355
020 ## - INTERNATIONAL STANDARD BOOK NUMBER
International Standard Book Number 9781444117134
040 ## - CATALOGING SOURCE
Original cataloging agency DLC
Transcribing agency DLC
042 ## - AUTHENTICATION CODE
Authentication code pcc
050 00 - LIBRARY OF CONGRESS CALL NUMBER
Classification number RJ61
Item number .MIN 2010
100 1# - MAIN ENTRY--PERSONAL NAME
Personal name Minett, P. M.
Relator term author
245 10 - TITLE STATEMENT
Title Child care & development /
Statement of responsibility, etc. Pamela Minett.
246 3# - VARYING FORM OF TITLE
Title proper/short title Child care and development
250 ## - EDITION STATEMENT
Edition statement 6th ed.
260 ## - PUBLICATION, DISTRIBUTION, ETC.
Place of publication, distribution, etc. London :
Name of publisher, distributor, etc. Hodder Education,
Date of publication, distribution, etc. 2010.
300 ## - PHYSICAL DESCRIPTION
Extent viii, 391 p. :
Other physical details col. ill. ;
Dimensions 25 cm.
504 ## - BIBLIOGRAPHY, ETC. NOTE
Bibliography, etc. note Includes bibliographical references and index.
650 #0 - SUBJECT ADDED ENTRY--TOPICAL TERM
Topical term or geographic name entry element Child care.
650 #0 - SUBJECT ADDED ENTRY--TOPICAL TERM
Topical term or geographic name entry element Child psychology.
650 #0 - SUBJECT ADDED ENTRY--TOPICAL TERM
Topical term or geographic name entry element Child rearing.
906 ## - LOCAL DATA ELEMENT F, LDF (RLIN)
a 7
b cbc
c origcop
d 2
e ncip
f 20
g y-gencatlg
942 ## - ADDED ENTRY ELEMENTS (KOHA)
Source of classification or shelving scheme Library of Congress Classification
Koha item type Books
Edition 6th ed.
Classification part 61
Item part MIN
Call number prefix RJ
Holdings
Withdrawn status Lost status Source of classification or shelving scheme Damaged status Not for loan Collection code Home library Current library Shelving location Date acquired Total Checkouts Total Renewals Full call number Barcode Date last seen Date last checked out Copy number Price effective from Koha item type Source of acquisition
    Library of Congress Classification     Non-fiction City Campus Library City Campus Library General Stacks 03/30/2021 2 2 RJ61 MIN 2014 024671 12/10/2024 11/20/2024 c. 1 03/30/2021 Books  
    Library of Congress Classification     Non-fiction City Campus Library City Campus Library General Stacks 03/30/2021     RJ61 MIN 2014 029173 03/30/2021   c. 2 03/30/2021 Books  
    Library of Congress Classification     Non-fiction City Campus Library City Campus Library General Stacks 03/30/2021     RJ101 MIN 2014 001778 03/30/2021   c. 3 03/30/2021 Books Book Aid International
    Library of Congress Classification     Non-fiction City Campus Library City Campus Library General Stacks 03/30/2021     RJ101 MIN 2014 029174 03/30/2021   c. 4 03/30/2021 Books